Countries by Silhouette Snippet - Statistics

General Stats
  • This quiz has been taken 195 times
  • The average score is 9 of 16
Answer Stats
Picture Answer % Correct
Greece
86%
South Africa
85%
Russia
75%
United States of America
68%
New Zealand
66%
Saudi Arabia
65%
Japan
64%
Indonesia
63%
Somalia
63%
Vatican City
63%
Germany
50%
Angola
46%
Italy
42%
Venezuela
39%
Panama
38%
Argentina
14%
No matching quizzes found
Score Distribution
Percent of People with Each Score
Percentile by Number Answered
Your Score History
You have not taken this quiz